Intermodální doprava na indický způsob

Jeden z najkurióznejších systémov intermodálnej prepravy cesta - železnica je intermodálna doprava na trati Konkanskej železnice (Konkan railway, súčasť Indických železníc) na juhozápadnom pobreží Indie. V cestnej preprave sa využívajú vlastné nákladné vozidlá so zaujímavým tuningom. Problematický t...

Ausführliche Beschreibung

Gespeichert in:
Bibliographische Detailangaben
1. Verfasser: Boháč, Martin
Format: Buchkapitel
Sprache:Tschechisch
Schlagworte:
Tags: Tag hinzufügen
Keine Tags, Fügen Sie das erste Tag hinzu!

MARC

LEADER 00000naa a2200000 4500
001 0149740
005 20231211075101.7
041 0 |a cze 
044 |a CZ 
245 1 0 |a Intermodální doprava na indický způsob  |c Martin Boháč 
520 |a Jeden z najkurióznejších systémov intermodálnej prepravy cesta - železnica je intermodálna doprava na trati Konkanskej železnice (Konkan railway, súčasť Indických železníc) na juhozápadnom pobreží Indie. V cestnej preprave sa využívajú vlastné nákladné vozidlá so zaujímavým tuningom. Problematický technický stav nákladných vozidiel. Charakteristika Konkanskej železnice. Náročná výstavba v komplikovaných geografických podmienkach. Malá kapacita trate. 
610 2 0 |a doprava cestná nákladná 
610 2 0 |a doprava železničná nákladná 
610 2 0 |a doprava kombinovaná 
610 2 0 |a India 
100 1 |a Boháč, Martin